Logo BPK

Biblioteka

Politechniki Koszalińskiej

Słownik grecko-polski. (Rekord nr 12476)

Szczegóły MARC
000 -ETYKIETA REKORDU
podpole kontrolne o stałej długości 00955nam a2200301 i 4500
001 - NUMER KONTROLNY REKORDU
pole kontrolne 12476
003 - IDENTYFIKATOR NUMERU KONTROLNEGO REKORDU
podpole kontrolne KOSZ 005
005 - DATA OSTATNIEJ MODYFIKACJI REKORDU
podpole kontrolne 20200630132826.0
008 - POLE O STAŁEJ DŁUGOŚCI - DANE KONTROLNE
podpole kontrolne o stałej długości 990506s1965 pl f d |000 0 gre
015 ## - NUMER BIBLIOGRAFII NARODOWEJ
Numer bibliografii narodowej PB 1966/5775
040 ## - ŹRÓDŁO KATALOGOWANIA
Instytucja, która sporządziła opis WA N
Instytucja, która utworzyła rekord WA N
Instytucja, która dokonała modyfikacji KOSZ 005/EG
041 0# - KOD JĘZYKA
Kod języka tekstu gre
-- pol
046 ## - DATY KODOWANE
Pojedyncza data lub początek okresu powstania dzieła lub zbioru dzieł 1965
080 ## - UNIWERSALNA KLASYFIKACJA DZIESIĘTNA - UKD
UKD 811.14
080 ## - UNIWERSALNA KLASYFIKACJA DZIESIĘTNA - UKD
UKD 811.162.1
080 ## - UNIWERSALNA KLASYFIKACJA DZIESIĘTNA - UKD
UKD (03)
245 00 - TYTUŁ/ODPOWIEDZIALNOŚĆ
Tytuł Słownik grecko-polski.
Oznaczenie części/sekcji dzieła T. 4,
Tytuł części/sekcji dzieła Π-Ω /
Pozostałe elementy strefy tytułu i oznaczenia odpowiedzialności pod red. Zofii Abramowiczówny.
260 ## - STREFA ADRESU WYDAWNICZEGO
Miejsce wydania Warszawa :
Nazwa wydawcy/dystrybutora Państ. Wydaw. Naukowe,
Data publikacji, dystrybucji/powstania dokumentu 1965.
300 ## - STREFA OPISU FIZYCZNEGO
Objętość 733, [2] s. ;
Rozmiary 22 cm.
380 ## - FORMA I TYP PUBLIKACJI
Forma i typ publikacji Książki.
500 ## - UWAGI OGÓLNE
Tekst uwagi Całość obejmuje 4 t.
650 #4 - HASŁO PRZEDMIOTOWE W FORMIE NAZWY OGÓLNEJ LUB JEDNOSTKOWEJ
Nazwa ogólna lub geograficzna Język grecki
655 ## - TERMIN INDEKSOWY - OKREŚLENIE RODZAJU/FORMY DOKUMENTU
Określenie rodzaju/formy dokumentu Słowniki grecko-polskie.
700 1# - HASŁO DODATKOWE - NAZWA OSOBOWA
Nazwa osobowa Abramowiczówna, Zofia
Daty związane z nazwą (1906-1988).
Określenie związku między hasłem a opisywanym materiałem Redakcja
710 2# - HASŁO DODATKOWE - NAZWA CIAŁA ZBIOROWEGO
Nazwa ciała zbiorowego lub jednostki geograficznej Państwowe Wydawnictwo Naukowe
856 ## - LOKALIZACJA I DOSTĘP DO ELEKTRONICZNYCH DOKUMENTÓW ZDALNYCH
Link (URL) http://koha.tu.koszalin.pl/cgi-bin/koha/opac-detail.pl?biblionumber=12476
Tekst linku Katalog online BPK
942 ## - DODATKOWE ELEMENTY (KOHA)
Schemat klasyfikacji Uniwersalna Klasyfikacja Dziesiętna
Typ dokumentu Książka
Egzemplarze
Wycofany Status egzemplarza Uszkodzony Dostępność Lokalizacja stała Lokalizacja bieżąca Miejsce przechowywania Sygnatura Kod kreskowy Dział Typ dokumentu
      Tylko na miejscu Biblioteka Politechniki Koszalińskiej Biblioteka Politechniki Koszalińskiej Czytelnia BG 6959 01808919 8 Językoznawstwo Książka
© 2023 Biblioteka Politechniki Koszalińskiej :: KOHA